WHO? WHAT! - Travis Scott feat. Quavo, Takeoff (Full Lyrics) - Statistics

General Stats
  • This quiz has been taken 17 times
  • The average score is 276 of 469
Answer Stats
Answer % Correct
a
100%
I
100%
on
100%
what
100%
what,
100%
Who,
100%
an
88%
and
88%
And
88%
one
88%
One,
88%
shit
88%
to
88%
To
88%
when
88%
When
88%
why?
88%
yeah
88%
you
88%
alive,
75%
five,
75%
five
75%
four,
75%
fried
75%
get
75%
I'm
75%
In
75%
in
75%
just
75%
Me
75%
me
75%
move
75%
my
75%
no
75%
Prime
75%
revive
75%
Saint
75%
she
75%
talkin'
75%
that
75%
That
75%
the
75%
three,
75%
time,
75%
time
75%
took
75%
two,
75%
acres
63%
'bout
63%
bus
63%
collide
63%
count
63%
countdown
63%
fuck
63%
guys
63%
Heard
63%
Hills,
63%
how
63%
how,
63%
ice
63%
it
63%
It
63%
Keep
63%
keep
63%
Know
63%
know
63%
less
63%
like
63%
mine
63%
more
63%
need
63%
of
63%
Pork
63%
rinds,
63%
side
63%
stress
63%
then
63%
Then
63%
up
63%
up,
63%
we
63%
We
63%
with
63%
Ain't
50%
All
50%
all
50%
At
50%
at,
50%
at
50%
bitch
50%
but
50%
Christmas
50%
did
50%
don't
50%
door,
50%
down
50%
down,
50%
favorite
50%
fence,
50%
F-O-I
50%
ghetto
50%
grew
50%
her
50%
hundred
50%
is
50%
it's
50%
mind
50%
mouth
50%
Ocean
50%
open
50%
out,
50%
out
50%
pay
50%
quest,
50%
rent
50%
show
50%
slide
50%
tense,
50%
tense
50%
that's
50%
That's
50%
them
50%
they
50%
They
50%
thighs,
50%
think
50%
ties
50%
'til
50%
vibe
50%
Was
50%
was,
50%
was
50%
wide
50%
ass,
38%
back
38%
beach
38%
best
38%
Big
38%
brown
38%
can't
38%
dancer
38%
defense
38%
eyes,
38%
got
38%
Grinch
38%
groovy
38%
helpin'
38%
hoes
38%
jet
38%
,,Mo Bamba"
38%
mobbin'
38%
Nick,
38%
not
38%
picked
38%
Poppin'
38%
repeat
38%
sayin',
38%
sayin'?
38%
seen
38%
self
38%
Shoot
38%
shoot
38%
smack
38%
some
38%
speak
38%
these
38%
things
38%
thinkin'
38%
threw
38%
tribe,
38%
yes
38%
yet,
38%
your
38%
Brand
25%
coochie
25%
could
25%
Dodgin'
25%
flood
25%
Frenchy's,
25%
group,
25%
headrest,
25%
iconic
25%
LaFerrari
25%
light
25%
make
25%
movie
25%
new
25%
Pull
25%
ride
25%
Rock
25%
rolled
25%
Shawty
25%
Sprinter
25%
still
25%
supersonic
25%
This
25%
this
25%
through
25%
trained
25%
twenty-five,
25%
twist
25%
use
25%
were
25%
backyard
13%
banged
13%
bankroll,
13%
bar
13%
born
13%
choosey
13%
choosin',
13%
crib,
13%
cuddle
13%
Cupid
13%
dice
13%
'em
13%
excuses
13%
federal
13%
foes
13%
gang,
13%
gather
13%
God
13%
groupie
13%
Had
13%
Hit
13%
hmm
13%
intruders
13%
Love
13%
medulla,
13%
Never
13%
O's
13%
producer
13%
Rollin'
13%
soothin',
13%
sticks
13%
summon
13%
Uzi
13%
ways
13%
No matching quizzes found
Score Distribution
Percent of People with Each Score
Percentile by Number Answered
Your Score History
You have not taken this quiz